00730nam a22001937a 450000500170000001000150001702000260003203500140005803700130007208200150008510000210010024500910012125000160021226000250022827001300025330000870038350000490047070000170051920200930124323.0 aENG-128398 c895.00a9789353940645 aEN-111930 bDBAD/PUB a519.502465 aStine, Robert A. aBusiness for Statistics: Decision Making Analysis/cby Robert A. Stine and Dean Foster a3rd edition aNoidabPearsonc2020 a15th floor,Tower-B,Word Trade Tower,Plot no.1,Block-C sec 16,bNoidae201301k04466540100mcompanysecretary.india@pearson.com axxii; Various Pages.c25cm(pbk)billustrations, tables, graphs,pictures Appendics  aIncludes Appendics, Subject Index and Tables aFoster, Dean